Zákon č. .../2000 z 30. novembra 2000, ktorým sa mení a dopĺňa zákon č. 125/1998 Z.z. o životnom minime a o ustanovení súm na účely štátnych sociálnych dávok
Znenie zákona č. .../2000 Z.z. z 30. novembra 2000, ktorým sa mení a dopĺňa zákon č. 125/1998 Z.z. o životnom minime a o ustanovení súm na účely štátnych sociálnych dávok. Zákon nadobúda účinnosť 1. januára 2001.
Gespeichert in:
| Format: | Buchkapitel |
|---|---|
| Sprache: | Slowakisch |
| Schlagworte: | |
| Tags: |
Keine Tags, Fügen Sie das erste Tag hinzu!
|
MARC
| LEADER | 00000naa a2200000 4500 | ||
|---|---|---|---|
| 001 | r040350 | ||
| 005 | 20230926084234.6 | ||
| 041 | 0 | |a slo | |
| 044 | |a SK | ||
| 245 | 1 | 0 | |a Zákon č. .../2000 z 30. novembra 2000, ktorým sa mení a dopĺňa zákon č. 125/1998 Z.z. o životnom minime a o ustanovení súm na účely štátnych sociálnych dávok |
| 520 | |a Znenie zákona č. .../2000 Z.z. z 30. novembra 2000, ktorým sa mení a dopĺňa zákon č. 125/1998 Z.z. o životnom minime a o ustanovení súm na účely štátnych sociálnych dávok. Zákon nadobúda účinnosť 1. januára 2001. | ||
| 610 | 2 | 0 | |a minimum existenčné |
| 610 | 2 | 0 | |a dávky sociálne |
| 610 | 2 | 0 | |a zákony |
| 610 | 2 | 0 | |a 1998-2000 |
| 610 | 2 | 0 | |a novelizácia |
| 610 | 2 | 0 | |a Slovensko |